000 00543nam a2200193 a 4500
001 1774863791131
003 YourLibrary
005 20260330151549.0
008 260330s2010##################000#0#eng##
020 _a9781405184328
082 0 4 _a362.1
_bMAC
100 1 _aMcKeown, Michael,
_eauthor.
245 1 0 _aService User and Carer Involvement in Education for Health and Social Care :
260 _bWiley-Blackwell,
_c2010.
300 _a264 pages
650 0 _aMedical.
942 _cENGLISH
040 _aYourLibrary
_beng
_cYourLibrary
999 _c618171
_d618171